000 00478nam a2200169Ia 4500
008 241206s9999||||xx |||||||||||||| ||und||
020 _a9780073661360
_c415
040 _beng
_cSSK Library
_erda
082 _a620.0042/DIE
100 _a George E. Dieter
245 0 _aEngineering Design: A Materials And Processing Approach
250 _a3rd ed
260 _b Thomas Casson
_c©2000
942 _2Dewey Decimal Classification
_cBOOK
_nNo
999 _c14885
_d14885
003 OSt
005 20241206223215.0